| 000 | 01179namaa2200289 i 4500 | ||
|---|---|---|---|
| 003 | EG-GICUC | ||
| 005 | 20260303113842.0 | ||
| 008 | 260303s1983 ua ||||jr|||| 000 0 ara d | ||
| 040 |
_aEG-GiCUC _bara _cEG-GiCUC _dEG-GiCUC _erda |
||
| 082 | 0 | 4 |
_221 _a415.1 _bL356n |
| 092 | 0 | 4 |
_221 _a415.1 _bL356n |
| 099 | _a415.1 L356n | ||
| 100 | 1 |
_aعبد اللطيف، محمد حماسة _eمؤلف. |
|
| 245 | 1 | 2 |
_aالنحو والدلالة : _bمدخل لدراسة المعنى النحوى الدلالى / _cتأليف الدكتور محمد حماسة عبد اللطيف |
| 250 | _aالطبعة الاولى | ||
| 264 |
_aالقاهرة (مصر) : _bمطبعة المدينة، _c1983 |
||
| 300 |
_a204 صفحة ؛ _c24 سم _bإيضاحيات، صور، مثيليات ؛ Illustrations |
||
| 336 |
_2rdacontent _atext |
||
| 337 |
_2rdamedia _aUnmediated |
||
| 338 |
_2rdacarrier _avolume |
||
| 504 | _aيشتمل على ارجاعات ببليوجرافية | ||
| 541 |
_aد. / جابر عصفور ؛ _bالقاهرة ؛ _cإهداء ؛ _d2024. |
||
| 650 | 1 | 7 |
_aاللغة العربية _xالنحو _2qrmak |
| 651 | 1 | _2qrmak | |
| 905 | _aAmira | ||
| 942 |
_2ddc _cBK _e21 _n0 |
||
| 999 |
_c178834 _d178834 |
||